Introduction to the constitution of India (Record no. 5225)

000 -LEADER
fixed length control field 00262nam a2200097Ia 4500
008 - FIXED-LENGTH DATA ELEMENTS--GENERAL INFORMATION
fixed length control field 201210s9999 xx 000 0 und d
100 ## - MAIN ENTRY--PERSONAL NAME
Personal name Basu, Durga Das
245 #0 - TITLE STATEMENT
Title Introduction to the constitution of India
260 ## - PUBLICATION, DISTRIBUTION, ETC.
Place of publication, distribution, etc. New Delhi
Name of publisher, distributor, etc. Prentice Hall
Date of publication, distribution, etc. 1982
942 ## - ADDED ENTRY ELEMENTS (KOHA)
Koha item type Books
Holdings
Withdrawn status Lost status Damaged status Not for loan Permanent Location Date acquired Full call number Barcode Date last seen Price effective from Koha item type
        IMU Kolkata 2020-12-10 342.54029 B327 PM00118 2020-12-10 2020-12-10 Books
Designed and Maintained by IMU-KC Library, Kolkata Campus © Copyright All Rights Reserved

webs counters

Powered by Koha